000 00878caa a22002417a 4500
999 _c410460
_d410460
001 123405
003 UA-OsUOA
005 20191217185357.0
007 ta
008 20170614b un ||||| |||| 00| 0 ukr d
040 _aUA-OsUOA
_bukr
_cUA-OsUOA
_dUA-OsUOA
041 _aukr
080 _a908
090 _a908
_bР83
100 _aРуй О.
245 _aЖиття і діяльність Преосвященного Федора (Олександра Рафальського). 1895–1955
_cО. Руй
300 _aС. 144–149
650 7 _a908 Краєзнавство
_2UDC
773 0 _0360162
_9384710
_dОстрог Острозька друкарня 2010
_o131370
_tОстрозький краєзнавчий збірник
_w(UA-OsUOA) 73867
942 _cBKA
_2udc
955 _a1